| 000 | 00689nam a2200217Ia 4500 | ||
|---|---|---|---|
| 003 | IN-BaIIA | ||
| 008 | 211028s9999 xx 000 0 eng d | ||
| 020 | _a0-8243-0916-2 | ||
| 040 | _cIIA Library | ||
| 080 |
_a(05)52 _bANN-16 |
||
| 245 | 0 |
_aAnnual review of astronomy and astrophysics _bvol. 16 _cedited by Geoffrey Burbidge..[et al.] |
|
| 260 |
_aPalo Alto _bAnnual Reviews _c1978 |
||
| 300 | _a652p. | ||
| 650 |
_aAstronomy - Peridicals _910632 |
||
| 650 | _aAstronomy and Astrophysics Thesaurus | ||
| 650 |
_aAstrophysics - Periodicals _94088 |
||
| 700 | _aBurbidge, Geoffrey., ed. | ||
| 700 |
_aLayzer, David., ed. _94091 |
||
| 700 |
_aPhillips, John G., ed. _95230 |
||
| 942 | _cBK | ||
| 999 |
_c6152 _d6152 |
||